| 000 | 00608cam a22002052 4500 | ||
|---|---|---|---|
| 001 | 0000006188 | ||
| 005 | 20151217152014.0 | ||
| 008 | 070921s xx 000 0 eng d | ||
| 020 |
_a9971511460 : _cKES 815 |
||
| 040 |
_aKABU _cKABU |
||
| 100 | 1 |
_aShanmugan, K. Sam. _@0000157582 |
|
| 245 | 1 | 0 | _aDigital and analog communication systems. |
| 260 |
_aSingapore : _bJ. Wiley, _c2004. |
||
| 300 | _axviii, 600 p. | ||
| 650 | 0 |
_aTelecommunication. _@0000156321 |
|
| 650 | 0 |
_aDigital communications. _@0000157685 |
|
| 908 | _a070921 | ||
| 950 | _@1 | ||
| 999 |
_c7222 _d7222 |
||